00786nam a2200241Ia 4500001000600000003000900006008004100015040001300056040001300069041001300082100001800095100002900113245002000142245002000162250001100182260001100193260001500204260004900219300005700268500016000325650002800485650003100513B8809IT-RoPAU130308s9999 xx 000 0 und d aIT-RoPAU cIT-RoPAU aITALIANO aCarlini Fabio gCodice Aut. SPICS: 8417 aAlfred Hitchcok bAlfred Hitchcok a1a ed. aMILANO bIl Castoro c1995 [1° Ed.:1995 - Ed.Ling.Originale:1995] a"150 p. (prefazione: no ; testo: 150 [pagine: 0-0])" aMonografia Sul Regista. Dichiarazioni. Dati, Trama e Critica dei Suoi Film. Appendice Edizione 1995. Filmografia. Videografia. Le Apparizioni di Hitchcock. aAUTORI/OPERE DEL CINEMA eCodice materia Spics: 6807